Como mejorar nuestra empresa

Uloženo v:
Podrobná bibliografie
Hlavní autoři: Ricart, Joan Enric (Autor), Roig, Barto (Autor), Andreau, Rafael (Autor), Valor, Josep (Autor)
Médium: Kniha
Jazyk:španělština
Vydáno: Barcelona Folio 1997
Edice:Biblioteca IESE de Gestión de Empresas
Témata:
Tagy: Přidat tag
Žádné tagy, Buďte první, kdo vytvoří štítek k tomuto záznamu!

MARC

LEADER 00000nam a2200000 a 4500
001 UCR6026
003 CL-VaPUC
008 980409e19970000SP |||||||||||||||||spa|d
082 0 4 |a 658.406  |b RIC  |2 21 
100 0 |a Ricart, Joan Enric  |e author  |9 407081 
700 0 |a Roig, Barto  |e author  |9 407082 
700 0 |a Andreau, Rafael  |e author  |9 407083 
700 0 |a Valor, Josep  |e author  |9 407084 
245 1 0 |a Como mejorar nuestra empresa 
300 |a 91 p 
942 |c BK 
945 |d 19980409 00:00:00  |a rleighto 
260 |a Barcelona  |b Folio  |c 1997 
650 7 |a DESARROLLO EMPRESARIAL  |2 CL-VaPUC  |9 407085 
650 0 |a Administración de empresas   |9 260833 
650 0 |a Liderazgo  |9 271835 
650 0 |a Tecnología de la información   |9 254825 
650 7 |a INNOVACIONES TECNOLOGICAS  |2 CL-VaPUC  |9 407086 
583 |a last modification  |c 20160914 12:54:11  |k Rodrigo Vera 
490 0 |a Biblioteca IESE de Gestión de Empresas 
999 |c 268343  |d 268341 
952 |0 0  |1 0  |4 0  |6 658_406000000000000_RIC_1997  |7 0  |8 A  |9 301408  |a BIBENE  |b BIBENE  |d 2019-11-20  |i 3405826  |o 658.406 RIC 1997  |p 3405826  |r 2025-01-15  |w 2019-11-20  |y BK  |k ICO 
952 |0 0  |1 0  |4 0  |6 658_406000000000000_RIC_1997  |7 0  |8 A  |9 301409  |a BIBENE  |b BIBENE  |d 2019-11-20  |i 3405834  |o 658.406 RIC 1997  |p 3405834  |r 2025-01-15  |w 2019-11-20  |y BK  |k ICO